000 00429nam a22001457a 4500
008 230227b |||||||| |||| 00| 0 eng d
020 _a978-81-7992-791-5
082 _a128
100 _aJ.P. Vaswani
245 _aSnacks for the Soul:
_bOver 150 inspiring stories for mind, body and spirit
260 _aMumbai
_bJaico Publishing House
_c2008
300 _a315 p.
_c21 cm
942 _2ddc
999 _c9347
_d9348